[Event "Thessaloniki-Chalkidiki-chT B local"]
[Site "Thessaloniki"]
[Date "2019.03.24"]
[Round "9.5"]
[White "Gountinta, Dimitra"]
[Black "Anagnostou, Zoi"]
[Result "1/2-1/2"]
[WhiteElo "1346"]
[BlackElo "1097"]
[PlyCount "42"]
[EventDate "2019.01.13"]
[EventType "team-swiss"]
[EventRounds "9"]
[EventCountry "GRE"]
[SourceTitle "EXT 2020"]
[Source "ChessBase"]
[SourceDate "2019.10.17"]
[SourceVersion "1"]
[SourceVersionDate "2019.10.17"]
[SourceQuality "1"]

1. e4 d5 2. exd5 Qxd5 3. Nc3 Qa5 4. d4 c6 5. g3 Bf5 6. Bg2 e6 7. Nge2 Nf6 8. 0-0 Bb4 9. Bd2 0-0 10. a3 Bd6 11. Ne4 Qd8 12. Bg5 Be7 13. Nxf6+ Bxf6 14. Bxf6 Qxf6 15. c3 Nd7 16. Nf4 Qd8 17. Re1 Nf6 18. Nd3 Bxd3 19. Qxd3 c5 20. Rad1 cxd4 21. Qxd4 Qxd4 1/2-1/2